[Event "zonal 5"]
[Site "Nea Makri GRE"]
[Date "1990.??.??"]
[Round "?"]
[White "Muco, Fatos"]
[Black "Ivanovic, Bozidar"]
[Result "0-1"]
[WhiteElo "2440"]
[BlackElo "2520"]
[EventDate "1990.??.??"]
[PlyCount "86"]

1.Nf3 d5 2.d4 c5 3.c4 e6 4.cxd5 exd5 5.Nc3 Nf6 6.g3 Be7 7.Bg2 O-O 8.O-O 
Nc6 9.Bg5 cxd4 10.Nxd4 h6 11.Be3 Re8 12.Qb3 Na5 13.Qc2 Nc4 14.Bc1 Bg4 15.
Rd1 Rc8 16.h3 Bh5 17.Nf5 Bc5 18.g4 Bg6 19.Bxd5 Qc7 20.Bg2 h5 21.Nd5 Nxd5 
22.Rxd5 hxg4 23.hxg4 Bxf5 24.gxf5 Nb6 25.Rxc5 Qxc5 26.Qxc5 Rxc5 27.e4 Rc2 
28.b3 Nd7 29.Be3 b6 30.Kh2 Nf6 31.f3 Nd5 32.Re1 Nxe3 33.Rxe3 Rd8 34.Kg3 
Rd1 35.Bh3 Rxa2 36.Rc3 Rad2 37.e5 Re2 38.e6 fxe6 39.fxe6 g5 40.Rc8+ Kg7 
41.Rc7+ Kg6 42.Bg4 Rdd2 43.Bh3 Re1 0-1

[Event "zonal 5"]
[Site "Nea Makri GRE"]
[Date "1990.??.??"]
[Round "?"]
[White "Muco, Fatos"]
[Black "Pandavos, Emanouel"]
[Result "1/2-1/2"]
[WhiteElo "2440"]
[BlackElo "2370"]
[EventDate "1990.??.??"]
[PlyCount "85"]

1.Nf3 Nf6 2.c4 b6 3.g3 Bb7 4.Bg2 c5 5.Nc3 g6 6.b3 Bg7 7.Bb2 O-O 8.O-O d6 
9.d4 cxd4 10.Nxd4 Bxg2 11.Kxg2 Qd7 12.e4 Nc6 13.Rc1 Rac8 14.f3 a6 15.Nc2 
Qb7 16.Qe2 Nd7 17.Ne3 b5 18.Ncd5 Bxb2 19.Qxb2 Nde5 20.Rfd1 bxc4 21.Nxc4 
Nxc4 22.Rxc4 Ne5 23.Rb4 Qa7 24.Qd4 Rc2+ 25.Rd2 Rxd2+ 26.Qxd2 Rc8 27.Rd4 
Kg7 28.Ne3 Rc6 29.f4 Nd7 30.e5 Qb7 31.Kg1 Nf8 32.exd6 exd6 33.Rxd6 Rxd6 
34.Qxd6 Qf3 35.Qe5+ Kg8 36.Nc4 Ne6 37.Qe3 Qd1+ 38.Kg2 Qc2+ 39.Qf2 Qe4+ 40.
Qf3 Qc2+ 41.Qf2 Qe4+ 42.Qf3 Qc2+ 43.Qf2 1/2-1/2

[Event "zonal 5"]
[Site "Nea Makri GRE"]
[Date "1990.??.??"]
[Round "?"]
[White "Muco, Fatos"]
[Black "Popovic, Petar"]
[Result "1/2-1/2"]
[WhiteElo "2440"]
[BlackElo "2520"]
[EventDate "1990.??.??"]
[PlyCount "37"]

1.Nf3 Nf6 2.c4 g6 3.Nc3 Bg7 4.d4 d5 5.Bg5 Ne4 6.Bh4 Nxc3 7.bxc3 dxc4 8.
Qa4+ Qd7 9.Qxc4 b6 10.e3 Ba6 11.Qb3 Bxf1 12.Kxf1 O-O 13.Ke2 Nc6 14.Rhd1 
Na5 15.Qb4 Rfe8 16.Rac1 Rac8 17.Kf1 Qf5 18.Bg3 c5 19.Qb5 1/2-1/2

[Event "zonal 5"]
[Site "Nea Makri GRE"]
[Date "1990.??.??"]
[Round "?"]
[White "Oney, Feridun"]
[Black "Cabrilo, Goran"]
[Result "0-1"]
[WhiteElo "2320"]
[BlackElo "2480"]
[EventDate "1990.??.??"]
[PlyCount "98"]

1.d4 g6 2.Nf3 Bg7 3.Bg5 c5 4.c3 Qb6 5.Qc1 Nf6 6.Nbd2 d5 7.e3 Bf5 8.Be2 Nc6
9.O-O Rc8 10.dxc5 Qxc5 11.Nb3 Qb6 12.Nbd4 Bg4 13.h3 Bxf3 14.Bxf6 Bxf6 15.
Bxf3 e6 16.Nxc6 bxc6 17.Qc2 O-O 18.Rab1 Rfd8 19.Rfd1 c5 20.b3 d4 21.exd4 
cxd4 22.c4 a5 23.Be2 Qc5 24.Bd3 Rb8 25.Qe2 Rb6 26.g3 Rdb8 27.h4 h5 28.Kh2 
Kg7 29.Kg2 Rb4 30.Qc2 Be7 31.Re1 R4b6 32.f4 Bf6 33.Qe2 Ra6 34.Qd2 Rb4 35.
a3 Rb8 36.b4 axb4 37.axb4 Qc6+ 38.Kh2 Ra3 39.Bf1 Qa4 40.Bg2 Ra2 41.Qd3 
Rxb4 42.Rxb4 Qxb4 43.Rb1 Qa5 44.Kh3 Rd2 45.Qe4 Qc3 46.Bf1 d3 47.Rb7 Qc2 
48.Bg2 Rxg2 49.Qxg2 d2 0-1

[Event "zonal 5"]
[Site "Nea Makri GRE"]
[Date "1990.??.??"]
[Round "?"]
[White "Oney, Feridun"]
[Black "Ipek, Ali"]
[Result "1/2-1/2"]
[WhiteElo "2320"]
[BlackElo "2275"]
[EventDate "1990.??.??"]
[PlyCount "25"]

1.e4 e6 2.d4 d5 3.Nc3 Nf6 4.e5 Nfd7 5.f4 c5 6.Nf3 Nc6 7.Be3 Qb6 8.Na4 Qa5+
9.c3 c4 10.b4 Qc7 11.Be2 Be7 12.O-O O-O 13.Qe1 1/2-1/2

[Event "zonal 5"]
[Site "Nea Makri GRE"]
[Date "1990.??.??"]
[Round "?"]
[White "Oney, Feridun"]
[Black "Muco, Fatos"]
[Result "1/2-1/2"]
[WhiteElo "2320"]
[BlackElo "2440"]
[EventDate "1990.??.??"]
[PlyCount "40"]

1.d4 Nf6 2.c4 e6 3.Nf3 Bb4+ 4.Bd2 Qe7 5.Nc3 b6 6.g3 Bb7 7.Bg2 Bxc3 8.Bxc3 
Ne4 9.Rc1 O-O 10.O-O c5 11.Be1 d6 12.Nh4 Nf6 13.d5 exd5 14.cxd5 g6 15.Bd2 
Re8 16.e4 Nbd7 17.Re1 Qf8 18.Bc3 Nh5 19.Nf5 f6 20.f4 b5 1/2-1/2

[Event "zonal 5"]
[Site "Nea Makri GRE"]
[Date "1990.??.??"]
[Round "?"]
[White "Pandavos, Emanouel"]
[Black "Cabrilo, Goran"]
[Result "1-0"]
[WhiteElo "2370"]
[BlackElo "2480"]
[EventDate "1990.??.??"]
[PlyCount "79"]

1.e4 g6 2.d4 Bg7 3.Nf3 d6 4.Be2 Nf6 5.Nc3 O-O 6.O-O c5 7.h3 cxd4 8.Nxd4 a6
9.a4 Nc6 10.Be3 Bd7 11.Nb3 Na5 12.Nxa5 Qxa5 13.Bd4 Be6 14.Bf3 Rfc8 15.Re1 
Rc4 16.Be3 Rac8 17.Bd2 Qb6 18.Qc1 h5 19.Ra3 Nd7 20.Be3 Qc7 21.Bd2 Bd4 22.
Be2 Rc6 23.Bd1 Qb6 24.Be3 Ne5 25.Bxd4 Qxd4 26.Nd5 Bxd5 27.exd5 Qxd5 28.Qh6
Qd4 29.Rg3 h4 30.c3 Qb6 31.Qxh4 Rc4 32.Qxe7 Qxb2 33.Qxd6 R4c6 34.Qd4 Nc4 
35.Bg4 Rf8 36.Bf3 Qb6 37.Bxc6 Qxd4 38.cxd4 bxc6 39.Rc1 Na5 40.Rc5 1-0

[Event "zonal 5"]
[Site "Nea Makri GRE"]
[Date "1990.??.??"]
[Round "?"]
[White "Pandavos, Emanouel"]
[Black "Camilleri, Henry"]
[Result "1-0"]
[WhiteElo "2370"]
[BlackElo "2220"]
[EventDate "1990.??.??"]
[PlyCount "79"]

1.e4 c5 2.Nf3 d6 3.d4 cxd4 4.Qxd4 a6 5.c4 Nf6 6.Nc3 g6 7.Nd5 Nbd7 8.Nxf6+ 
Nxf6 9.e5 dxe5 10.Qxd8+ Kxd8 11.Nxe5 Be6 12.Be3 Bg7 13.Bb6+ Ke8 14.f4 Ng4 
15.Bd4 Rd8 16.Rd1 Nxe5 17.fxe5 f6 18.exf6 exf6 19.Be2 Kf7 20.b3 Rd7 21.Bb6
Re8 22.Kf2 Ree7 23.Bf3 Ke8 24.Rhe1 Rxd1 25.Rxd1 f5 26.Bc5 Rc7 27.Bb6 Re7 
28.Rd8+ Kf7 29.Rb8 Be5 30.Rxb7 Bxh2 31.Bd8 Rxb7 32.Bxb7 f4 33.Bxa6 Bg3+ 
34.Kf3 h5 35.Ke2 Bg4+ 36.Kf1 h4 37.Bb7 Bf5 38.Ke2 Bb1 39.a4 Ba2 40.a5 1-0

[Event "zonal 5"]
[Site "Nea Makri GRE"]
[Date "1990.??.??"]
[Round "?"]
[White "Pandavos, Emanouel"]
[Black "Damljanovic, Branko"]
[Result "0-1"]
[WhiteElo "2370"]
[BlackElo "2535"]
[EventDate "1990.??.??"]
[PlyCount "82"]

1.e4 c5 2.Nf3 e6 3.c3 Nf6 4.e5 Nd5 5.d4 cxd4 6.cxd4 d6 7.a3 Bd7 8.Bd3 Bc6 
9.O-O Nd7 10.Qe2 Qc7 11.Bd2 Be7 12.Nc3 Nxc3 13.Bxc3 dxe5 14.dxe5 O-O 15.
Rac1 Qb6 16.Rfe1 g6 17.b4 Rfc8 18.Be4 Bxe4 19.Qxe4 Qa6 20.Bb2 Nb6 21.b5 
Qxb5 22.Qxb7 Rxc1 23.Bxc1 Qd7 24.Qe4 Rc8 25.Bg5 Bxa3 26.Bf6 Bf8 27.Qh4 Rc4
28.Qh3 h6 29.Nh4 Qd2 30.Rf1 Qc2 31.Nf3 Nd5 32.Qg3 Nf4 33.Kh1 Qd3 34.Rg1 
Ne2 35.Ne1 Nxg3+ 36.hxg3 Qe2 37.Nf3 Rc2 38.Nd4 Qxf2 39.Nxc2 Qxc2 40.Re1 g5
41.Ra1 g4 0-1

[Event "zonal 5"]
[Site "Nea Makri GRE"]
[Date "1990.??.??"]
[Round "?"]
[White "Pandavos, Emanouel"]
[Black "Mastrokoukos, Georgios"]
[Result "1/2-1/2"]
[WhiteElo "2370"]
[BlackElo "2280"]
[EventDate "1990.??.??"]
[PlyCount "42"]

1.e4 c5 2.Nf3 e6 3.c3 d5 4.exd5 Qxd5 5.d4 Nf6 6.Na3 Nc6 7.Be2 cxd4 8.Nb5 
Qd8 9.Nbxd4 Bd7 10.O-O Bc5 11.Nxc6 Bxc6 12.Ne5 Qxd1 13.Rxd1 Ne4 14.Be3 
Bxe3 15.fxe3 Nf6 16.Nxc6 bxc6 17.Bf3 Rc8 18.Rd2 Ke7 19.Rad1 Rc7 20.Kf2 Rb8
21.b3 e5 1/2-1/2

[Event "zonal 5"]
[Site "Nea Makri GRE"]
[Date "1990.??.??"]
[Round "?"]
[White "Pandavos, Emanouel"]
[Black "Oney, Feridun"]
[Result "1-0"]
[WhiteElo "2370"]
[BlackElo "2320"]
[EventDate "1990.??.??"]
[PlyCount "49"]

1.e4 Nf6 2.e5 Nd5 3.d4 d6 4.Nf3 dxe5 5.Nxe5 g6 6.Bc4 c6 7.Nc3 Be6 8.Qf3 
Nd7 9.O-O Bg7 10.Re1 O-O 11.Bb3 Nxe5 12.dxe5 Qc7 13.Nxd5 Bxd5 14.Qg3 Qd7 
15.Bg5 h6 16.Bf4 Qf5 17.c4 Be6 18.Qe3 g5 19.Bg3 Qg6 20.Rad1 h5 21.h4 gxh4 
22.Bxh4 Bh6 23.Qc3 Bg5 24.Bc2 Qh6 25.Qg3 1-0

[Event "zonal 5"]
[Site "Nea Makri GRE"]
[Date "1990.??.??"]
[Round "?"]
[White "Pandavos, Emanouel"]
[Black "Skembris, Spyridon"]
[Result "0-1"]
[WhiteElo "2370"]
[BlackElo "2470"]
[EventDate "1990.??.??"]
[PlyCount "73"]

1.e4 c5 2.Nf3 Nc6 3.c3 e5 4.Bb5 a6 5.Ba4 Qf6 6.O-O Nge7 7.d3 h6 8.Be3 d6 
9.d4 b5 10.dxe5 dxe5 11.Bc2 Ng6 12.a4 b4 13.a5 Be7 14.Qd5 O-O 15.Bxc5 Bg4 
16.Nbd2 bxc3 17.bxc3 Rfd8 18.Bxe7 Ncxe7 19.Qc5 Rac8 20.Qe3 Nf4 21.Kh1 Bd7 
22.Rfd1 Bb5 23.Nf1 Rxd1 24.Rxd1 Nc6 25.Qc5 Ne6 26.Qe3 Nxa5 27.Ng3 Nc4 28.
Qc1 Nf4 29.Bb3 g6 30.Bxc4 Bxc4 31.Qa3 Nd3 32.Kg1 Qb6 33.Rf1 Rd8 34.Qe7 
Nxf2 35.h3 Nxe4+ 36.Kh2 Nxg3 37.Rb1 0-1

[Event "zonal 5"]
[Site "Nea Makri GRE"]
[Date "1990.??.??"]
[Round "?"]
[White "Popovic, Petar"]
[Black "Camilleri, Henry"]
[Result "1-0"]
[WhiteElo "2520"]
[BlackElo "2220"]
[EventDate "1990.??.??"]
[PlyCount "75"]

1.e4 c5 2.Nf3 d6 3.d4 cxd4 4.Nxd4 Nf6 5.Nc3 a6 6.g3 e5 7.Nb3 b5 8.Bg2 Bb7 
9.a4 bxa4 10.Rxa4 Nc6 11.O-O Be7 12.Be3 O-O 13.Nd5 Nxd5 14.exd5 Nb8 15.Na5
Bc8 16.Qd2 f5 17.c4 g5 18.f4 gxf4 19.gxf4 Nd7 20.Nc6 Qe8 21.Ra3 Bf6 22.Qb4
e4 23.Qxd6 Bxb2 24.Rb3 Bg7 25.Bd4 Bxd4+ 26.Nxd4 Rf6 27.Rg3+ Kh8 28.Qa3 Nb6
29.Qc3 Na4 30.Qa1 Nc5 31.Ne6 Qe7 32.Nc7 Ra7 33.Ne8 Nd7 34.Nxf6 Qxf6 35.
Qxf6+ Nxf6 36.Rb1 Rc7 37.Bf1 Ne8 38.Rb6 1-0

[Event "zonal 5"]
[Site "Nea Makri GRE"]
[Date "1990.??.??"]
[Round "?"]
[White "Popovic, Petar"]
[Black "Damljanovic, Branko"]
[Result "1/2-1/2"]
[WhiteElo "2520"]
[BlackElo "2535"]
[EventDate "1990.??.??"]
[PlyCount "30"]

1.e4 e5 2.Nf3 Nc6 3.Bb5 a6 4.Ba4 Nf6 5.O-O Be7 6.Re1 b5 7.Bb3 O-O 8.c3 d6 
9.h3 Nb8 10.d4 Nbd7 11.Nbd2 Bb7 12.Bc2 Re8 13.Nf1 Bf8 14.Ng3 g6 15.a4 Bg7 
1/2-1/2

[Event "zonal 5"]
[Site "Nea Makri GRE"]
[Date "1990.??.??"]
[Round "?"]
[White "Popovic, Petar"]
[Black "Oney, Feridun"]
[Result "1/2-1/2"]
[WhiteElo "2520"]
[BlackElo "2320"]
[EventDate "1990.??.??"]
[PlyCount "27"]

1.e4 Nf6 2.e5 Nd5 3.d4 d6 4.Nf3 g6 5.Bc4 Nb6 6.Bb3 Bg7 7.a4 a5 8.Ng5 e6 9.
f4 dxe5 10.fxe5 c5 11.Qf3 O-O 12.Qh3 h5 13.dxc5 Nd5 14.Nf3 1/2-1/2

[Event "zonal 5"]
[Site "Nea Makri GRE"]
[Date "1990.??.??"]
[Round "?"]
[White "Popovic, Petar"]
[Black "Skembris, Spyridon"]
[Result "1-0"]
[WhiteElo "2520"]
[BlackElo "2470"]
[EventDate "1990.??.??"]
[PlyCount "91"]

1.e4 c5 2.Nf3 Nc6 3.d4 cxd4 4.Nxd4 Qb6 5.Nb3 Nf6 6.Nc3 e6 7.Qe2 d6 8.g4 h6
9.h4 a6 10.Bh3 g6 11.Be3 Qc7 12.O-O-O b5 13.g5 hxg5 14.hxg5 Nh5 15.Bg4 Bb7
16.Bxh5 gxh5 17.Rxh5 Rxh5 18.Qxh5 b4 19.Ne2 Na5 20.Ng3 Rc8 21.Rd2 Nc4 22.
Re2 Nxe3 23.fxe3 d5 24.Rf2 dxe4 25.Qh7 f5 26.Qh5+ Ke7 27.Rd2 Qe5 28.Qh7+ 
Qg7 29.Qh4 Qe5 30.g6+ Ke8 31.Nh5 Bg7 32.Nd4 Bh8 33.Qg5 b3 34.g7 Bxg7 35.
Nxg7+ Kf7 36.Ngxe6 bxa2 37.Qh5+ Kf6 38.Nb3 Kxe6 39.Qg6+ Ke7 40.Qh7+ Ke6 
41.Qxb7 Rc7 42.Qxa6+ Ke7 43.Qxa2 Qg3 44.Nd4 Qe1+ 45.Rd1 Qxe3+ 46.Kb1 1-0

[Event "zonal 5"]
[Site "Nea Makri GRE"]
[Date "1990.??.??"]
[Round "?"]
[White "Popovic, Petar"]
[Black "Yilmaz, Turhan"]
[Result "1-0"]
[WhiteElo "2520"]
[BlackElo "2360"]
[EventDate "1990.??.??"]
[PlyCount "51"]

1.e4 e5 2.Nf3 Nc6 3.Bb5 f5 4.d3 fxe4 5.dxe4 Nf6 6.Qd3 d6 7.a3 Be7 8.Bc4 
Qd7 9.h3 Nd8 10.Nc3 Ne6 11.Be3 Nh5 12.O-O-O O-O 13.Nxe5 Qe8 14.Nf3 Kh8 15.
Bxe6 Bxe6 16.Nd4 Bg8 17.Nf5 Bd8 18.g4 Nf6 19.Bd4 Qd7 20.Nd5 Be6 21.Nf4 Bg8
22.Bc3 Qf7 23.Rhg1 Ne8 24.Nh5 Bf6 25.Nxf6 Nxf6 26.Nxg7 1-0

[Event "zonal 5"]
[Site "Nea Makri GRE"]
[Date "1990.??.??"]
[Round "?"]
[White "Skembris, Spyridon"]
[Black "Barlov, Dragan"]
[Result "1/2-1/2"]
[WhiteElo "2470"]
[BlackElo "2520"]
[EventDate "1990.??.??"]
[PlyCount "266"]

1.d4 Nf6 2.Nf3 c5 3.c4 g6 4.Nc3 Bg7 5.e4 O-O 6.Be2 d6 7.O-O Bg4 8.d5 e6 9.
dxe6 Bxe6 10.Bf4 Qb6 11.Qb3 Rd8 12.Rfd1 Nc6 13.Rxd6 Rxd6 14.Bxd6 Nd4 15.
Nxd4 cxd4 16.Qxb6 axb6 17.Nd5 Nxe4 18.Nxb6 Ra6 19.c5 Rxb6 20.cxb6 Nxd6 21.
a4 d3 22.Bxd3 Bxb2 23.Rd1 Bc3 24.Be2 Nc8 25.Rb1 Kf8 26.Rb5 Nd6 27.Rb1 Ba5 
28.Bf3 Bc4 29.h4 h5 30.Rb2 Ba6 31.g3 Nc4 32.Rc2 Nxb6 33.Bxb7 Bxb7 34.Rc5 
Bd2 35.Rb5 Bc6 36.Rxb6 Bxa4 37.Ra6 Bb3 38.Rd6 Bh6 39.Rb6 Bd5 40.Rd6 Be4 
41.Rd4 Bf5 42.Kg2 Ke7 43.Ra4 Bd7 44.Ra6 Bg7 45.Kh2 Bd4 46.Ra2 Bc6 47.Rd2 
Bc5 48.Rc2 Kd6 49.Rd2+ Ke5 50.Re2+ Kd4 51.Kg1 Be4 52.Ra2 Bd6 53.Ra4+ Ke5 
54.Ra5+ Ke6 55.Rb5 Bd5 56.Rb6 Bf3 57.Rb3 Bc6 58.Rb6 Kd5 59.Ra6 Bc5 60.Ra5 
Kc4 61.Ra6 Bb7 62.Rf6 Bd5 63.Ra6 Bd4 64.Rd6 Bc5 65.Ra6 Kb5 66.Ra1 f5 67.
Rb1+ Kc6 68.Rc1 Kd6 69.Ra1 f4 70.Ra6+ Bc6 71.gxf4 Bd4 72.Ra5 Be4 73.Ra4 
Kd5 74.Ra5+ Kc4 75.Ra6 Bc5 76.Re6 Kd5 77.Re5+ Kd4 78.Re6 Kd3 79.Kf1 Bb4 
80.f3 Bf5 81.Re8 Bd2 82.Kf2 Bxf4 83.Rd8+ Kc3 84.Rd5 Bc2 85.Rd8 Bd3 86.Rd7 
Kd2 87.Re7 Bf5 88.Re8 Kd3 89.Rd8+ Kc4 90.Ra8 Bc7 91.Re8 Kd5 92.Kg2 Be6 93.
Ra8 Ke5 94.Ra4 Kf5 95.Rb4 Kf6 96.Ra4 Bd6 97.Ra5 Be5 98.Ra4 Bc7 99.Ra6 Kf5 
100.Ra4 Bd8 101.Rd4 Bf6 102.Rb4 Bc3 103.Ra4 Bd5 104.Kf2 Bb3 105.Re4 Ba5 
106.Kg2 Bd5 107.Rd4 Ke5 108.Rd1 Bc4 109.Kf2 Bc3 110.Rd8 Be6 111.Rd3 Bd4+ 
112.Kg3 Bc5 113.Rd1 Bd4 114.Re1+ Kd5 115.Re2 Bf5 116.Kf4 Bf6 117.Kg3 Kd4 
118.Re8 Kd3 119.Re1 Kd2 120.Re8 Kd1 121.Re3 Bd8 122.Re8 Ba5 123.Kf2 Bd3 
124.Re6 Kd2 125.Rd6 Bb4 126.Re6 Bc5+ 127.Kg2 Be3 128.Rd6 Bc5 129.Re6 Bf5 
130.Re8 Bd4 131.Rd8 Ke3 132.Re8+ Kf4 133.Rb8 Bf6 1/2-1/2

[Event "zonal 5"]
[Site "Nea Makri GRE"]
[Date "1990.??.??"]
[Round "?"]
[White "Skembris, Spyridon"]
[Black "Ipek, Ali"]
[Result "1-0"]
[WhiteElo "2470"]
[BlackElo "2275"]
[EventDate "1990.??.??"]
[PlyCount "125"]

1.d4 Nf6 2.c4 e5 3.dxe5 Ng4 4.Nf3 Bc5 5.e3 Nc6 6.Be2 O-O 7.Nc3 Re8 8.Nd5 
a5 9.Nd4 Ngxe5 10.Nb5 Rb8 11.Nbxc7 Rf8 12.O-O d6 13.f4 Ng6 14.Kh1 f5 15.a3
Rf7 16.Nb5 Nge7 17.Bf3 Kh8 18.Rb1 Nxd5 19.Bxd5 Re7 20.Rf3 Qe8 21.Bd2 a4 
22.Qxa4 Na7 23.Nc3 Bd7 24.Qc2 Bxe3 25.Bxe3 Rxe3 26.Qf2 Rxf3 27.Bxf3 Nc6 
28.Nb5 Qe6 29.Qd2 Qxc4 30.Nxd6 Qd4 31.Rd1 Qxd2 32.Rxd2 Kg8 33.Kg1 Kf8 34.
Kf2 Ke7 35.h4 g6 36.Nc4 Be6 37.Bd5 Bxd5 38.Rxd5 b5 39.Ne5 Nxe5 40.Rxe5+ 
Kd6 41.Re3 Rb7 42.h5 Rc7 43.hxg6 hxg6 44.Rd3+ Ke6 45.Rb3 Rc5 46.Ke3 Rd5 
47.Rd3 Rc5 48.Rc3 Rd5 49.Rc6+ Kf7 50.g3 Rd7 51.Rc5 Rb7 52.Kd4 Ke6 53.Rc6+ 
Kf7 54.Kc5 Re7 55.Kxb5 Re2 56.b4 Re3 57.a4 Rxg3 58.a5 g5 59.fxg5 Rxg5 60.
a6 f4+ 61.Kb6 f3 62.a7 Rg8 63.Rc3 1-0

[Event "zonal 5"]
[Site "Nea Makri GRE"]
[Date "1990.??.??"]
[Round "?"]
[White "Skembris, Spyridon"]
[Black "Ivanovic, Bozidar"]
[Result "1/2-1/2"]
[WhiteElo "2470"]
[BlackElo "2520"]
[EventDate "1990.??.??"]
[PlyCount "43"]

1.d4 d5 2.Nf3 e6 3.c4 c5 4.cxd5 exd5 5.g3 Nf6 6.Bg2 Be7 7.O-O O-O 8.Nc3 
Nc6 9.Bg5 cxd4 10.Nxd4 h6 11.Be3 Re8 12.Qa4 Bd7 13.Rad1 Na5 14.Qc2 Rc8 15.
Nf5 Bb4 16.Bd4 Nc6 17.Bxf6 Qxf6 18.Rxd5 Bxf5 19.Rxf5 Nd4 20.Rxf6 Nxc2 21.
Rf4 Bxc3 22.bxc3 1/2-1/2

[Event "zonal 5"]
[Site "Nea Makri GRE"]
[Date "1990.??.??"]
[Round "?"]
[White "Skembris, Spyridon"]
[Black "Martidis, Alkis"]
[Result "1-0"]
[WhiteElo "2470"]
[BlackElo "2300"]
[EventDate "1990.??.??"]
[PlyCount "99"]

1.d4 d5 2.Nf3 e6 3.c4 c5 4.cxd5 exd5 5.g3 Nf6 6.Bg2 Nc6 7.O-O Be7 8.Nc3 
O-O 9.Bg5 cxd4 10.Nxd4 h6 11.Be3 Re8 12.Qa4 Na5 13.Rad1 Nc4 14.Bc1 Bd7 15.
Qb3 Na5 16.Qc2 Rc8 17.Nf5 Qb6 18.Bxd5 Nxd5 19.Rxd5 Be6 20.Qa4 Bc5 21.Qg4 
g6 22.Nxh6+ Kh7 23.Qh4 Be7 24.Rg5 Kg7 25.Be3 Rc4 26.Bxb6 Rxh4 27.Bxa5 Rxh6
28.Rb5 b6 29.Bb4 Bf6 30.Ne4 Bxb2 31.Bd2 Ba3 32.Bxh6+ Kxh6 33.Ng5 Bf5 34.e4
Kxg5 35.exf5 gxf5 36.Rb3 Bc5 37.Kg2 f4 38.h4+ Kf5 39.Rf3 Bd6 40.Rd1 Be5 
41.Rdd3 f6 42.Ra3 a5 43.Rab3 Kg6 44.Rxb6 fxg3 45.fxg3 Rc8 46.Re6 Rc2+ 47.
Rf2 Rc3 48.Kf1 Rxg3 49.Rg2 Kf5 50.Rxe5+ 1-0

[Event "zonal 5"]
[Site "Nea Makri GRE"]
[Date "1990.??.??"]
[Round "?"]
[White "Skembris, Spyridon"]
[Black "Mastrokoukos, Georgios"]
[Result "1-0"]
[WhiteElo "2470"]
[BlackElo "2280"]
[EventDate "1990.??.??"]
[PlyCount "63"]

1.d4 Nf6 2.Nf3 c5 3.d5 b5 4.Bg5 Qa5+ 5.c3 Ne4 6.Qc2 Nxg5 7.Nxg5 g6 8.Nd2 
d6 9.h4 Bh6 10.a4 Bd7 11.Ndf3 b4 12.h5 bxc3 13.bxc3 Bg7 14.Ra3 Na6 15.h6 
Bf6 16.Ne4 O-O 17.Nxf6+ exf6 18.Nd2 Bf5 19.e4 Rfe8 20.Bb5 Re7 21.O-O Bc8 
22.Qd3 f5 23.exf5 Bxf5 24.Qg3 Nb8 25.Nc4 Qc7 26.Nxd6 Bd7 27.Nf5 Bxf5 28.d6
Qd8 29.dxe7 Qxe7 30.Qf3 Be4 31.Qe3 Qb7 32.f3 1-0

[Event "zonal 5"]
[Site "Nea Makri GRE"]
[Date "1990.??.??"]
[Round "?"]
[White "Skembris, Spyridon"]
[Black "Muco, Fatos"]
[Result "1/2-1/2"]
[WhiteElo "2470"]
[BlackElo "2440"]
[EventDate "1990.??.??"]
[PlyCount "35"]

1.d4 d5 2.Nf3 e6 3.c4 c5 4.cxd5 exd5 5.g3 Nc6 6.Bg2 Nf6 7.O-O Be7 8.Nc3 
O-O 9.Bg5 cxd4 10.Nxd4 h6 11.Be3 Re8 12.Qa4 Bd7 13.Rad1 Nb4 14.Qb3 a5 15.
a4 Rc8 16.Rd2 Bc5 17.Rfd1 Qb6 18.Bf3 1/2-1/2

[Event "zonal 5"]
[Site "Nea Makri GRE"]
[Date "1990.??.??"]
[Round "?"]
[White "Skembris, Spyridon"]
[Black "Yilmaz, Turhan"]
[Result "1/2-1/2"]
[WhiteElo "2470"]
[BlackElo "2360"]
[EventDate "1990.??.??"]
[PlyCount "93"]

1.d4 f5 2.g3 Nf6 3.Bg2 g6 4.Nf3 Bg7 5.c4 O-O 6.Nc3 d6 7.O-O c6 8.d5 e5 9.
dxe6 Bxe6 10.Qd3 Na6 11.Ng5 Bc8 12.Bf4 Nh5 13.Qxd6 Nxf4 14.Qxf4 h6 15.Nf3 
g5 16.Qc1 Be6 17.Nd1 g4 18.Nd2 f4 19.gxf4 Rxf4 20.Ne4 Qc7 21.e3 Rf5 22.Qc2
Raf8 23.Rc1 h5 24.Ng3 Rg5 25.Qe2 Be5 26.Re1 h4 27.Nf1 Rf3 28.Kh1 Qf7 29.
Nd2 Bb8 30.Bxf3 Qc7 31.Nf1 gxf3 32.Qxf3 Bg4 33.Qg2 Qg7 34.Nd2 Nc5 35.Rg1 
h3 36.Qf1 Ne4 37.Rxg4 Rxg4 38.Nxe4 Rxe4 39.Nc3 Rh4 40.Qg1 Rxc4 41.Rd1 Be5 
42.f4 Bxc3 43.bxc3 Qxg1+ 44.Rxg1+ Kf7 45.Rg3 Rxc3 46.Rxh3 b5 47.Rh7+ 
1/2-1/2

[Event "zonal 5"]
[Site "Nea Makri GRE"]
[Date "1990.??.??"]
[Round "?"]
[White "Yilmaz, Turhan"]
[Black "Barlov, Dragan"]
[Result "0-1"]
[WhiteElo "2360"]
[BlackElo "2520"]
[EventDate "1990.??.??"]
[PlyCount "64"]

1.f4 d5 2.Nf3 c5 3.g3 Nc6 4.Bg2 Nf6 5.O-O e6 6.d3 Bd6 7.Nc3 h6 8.e4 d4 9.
Ne2 e5 10.f5 Bd7 11.h3 h5 12.c4 dxc3 13.bxc3 c4 14.d4 Qc7 15.dxe5 Nxe5 16.
Nxe5 Bxe5 17.Bf4 O-O 18.Nd4 Rfe8 19.Rb1 b6 20.Qd2 Rad8 21.Rbe1 Bc6 22.Bxe5
Qxe5 23.Qg5 Bb7 24.Kh2 Ba8 25.Bf3 b5 26.Bxh5 b4 27.Re3 bxc3 28.Nf3 Qa5 29.
a4 Bxe4 30.Bxf7+ Kxf7 31.Qg6+ Kg8 32.g4 Qc7+ 0-1

[Event "zonal 5"]
[Site "Nea Makri GRE"]
[Date "1990.??.??"]
[Round "?"]
[White "Yilmaz, Turhan"]
[Black "Grivas, Efstratios"]
[Result "0-1"]
[WhiteElo "2360"]
[BlackElo "2445"]
[EventDate "1990.??.??"]
[PlyCount "74"]

1.e4 c5 2.Nf3 Nc6 3.b4 cxb4 4.d4 d5 5.exd5 Qxd5 6.c4 bxc3 7.Nxc3 Qa5 8.d5 
e6 9.dxc6 Bb4 10.Bd2 Bxc3 11.Qc1 Bxd2+ 12.Nxd2 Ne7 13.cxb7 Bxb7 14.Rb1 Bc6
15.Be2 Rd8 16.Rb2 Qg5 17.Rg1 O-O 18.Nb3 Qe5 19.f4 Qf6 20.g3 Rc8 21.Rc2 Ba4
22.Rxc8 Rxc8 23.Qe3 Bxb3 24.axb3 a5 25.Kf2 Nf5 26.Rc1 Rxc1 27.Qxc1 Qd4+ 
28.Kf3 h5 29.Qd1 Qc3+ 30.Kf2 Qc5+ 31.Kf3 Qc6+ 32.Kf2 Qb6+ 33.Kf3 Nd4+ 34.
Kg2 Nxe2 35.Qxe2 Qxb3 36.Qxh5 Qd5+ 37.Qf3 a4 0-1

[Event "zonal 5"]
[Site "Nea Makri GRE"]
[Date "1990.??.??"]
[Round "?"]
[White "Yilmaz, Turhan"]
[Black "Ipek, Ali"]
[Result "1-0"]
[WhiteElo "2360"]
[BlackElo "2275"]
[EventDate "1990.??.??"]
[PlyCount "67"]

1.e4 c5 2.Nf3 e6 3.d4 cxd4 4.Nxd4 a6 5.Bd3 Qc7 6.O-O Nf6 7.Kh1 Nc6 8.Nxc6 
bxc6 9.c4 Be7 10.f4 d6 11.Nc3 e5 12.f5 Bb7 13.Bc2 h5 14.Rf3 Kf8 15.Bg5 Ng4
16.Bxe7+ Kxe7 17.Qd2 Rh6 18.Raf1 Rah8 19.Rg3 Kf8 20.Rd3 c5 21.h3 Qe7 22.
Kg1 Kg8 23.hxg4 hxg4 24.Kf2 Rh1 25.Rxh1 Rxh1 26.Rg3 Qh4 27.Ne2 Ra1 28.Qxd6
Qh1 29.Rxg4 Kh7 30.Qxe5 Rf1+ 31.Ke3 Qh6+ 32.Kd3 Bc8 33.Qg3 Rxf5 34.Rxg7+ 
1-0

[Event "zonal 5"]
[Site "Nea Makri GRE"]
[Date "1990.??.??"]
[Round "?"]
[White "Yilmaz, Turhan"]
[Black "Ivanovic, Bozidar"]
[Result "1/2-1/2"]
[WhiteElo "2360"]
[BlackElo "2520"]
[EventDate "1990.??.??"]
[PlyCount "105"]

1.f4 d5 2.Nf3 c5 3.g3 Nc6 4.Bg2 g6 5.O-O Bg7 6.d3 Nf6 7.c3 O-O 8.Kh1 b6 9.
Na3 Bb7 10.Bd2 d4 11.Qc2 Nd5 12.Rae1 Qd7 13.e4 dxe3 14.Bxe3 Nxe3 15.Rxe3 
Rad8 16.Rfe1 e6 17.Nc4 Ne7 18.Nce5 Qc7 19.R3e2 Nc6 20.Ng4 Rd7 21.Re3 Rfd8 
22.Nf2 Qc8 23.Rd1 Qa8 24.Ng4 Nd4 25.cxd4 cxd4 26.Re4 f5 27.Ng5 fxe4 28.
dxe4 Re7 29.Qb3 Kh8 30.Qd3 h6 31.Nh3 Rc7 32.Ngf2 Rdc8 33.Bf3 Rc1 34.Kg2 
R8c2 35.Ng1 Qc8 36.Rxc1 Rxc1 37.Ne2 Ra1 38.e5 Bxf3+ 39.Kxf3 Qc6+ 40.Ne4 
Rf1+ 41.Kg2 Ra1 42.Qxd4 Rxa2 43.Qd8+ Kh7 44.Nc3 Rxb2+ 45.Kh3 Qb7 46.Nf6+ 
Bxf6 47.exf6 Qf7 48.Ne4 g5 49.g4 Rb3+ 50.Kg2 Rb2+ 51.Kh3 Rb3+ 52.Kg2 Rb2+ 
53.Kh3 1/2-1/2

[Event "zonal 5"]
[Site "Nea Makri GRE"]
[Date "1990.??.??"]
[Round "?"]
[White "Yilmaz, Turhan"]
[Black "Martidis, Alkis"]
[Result "1-0"]
[WhiteElo "2360"]
[BlackElo "2300"]
[EventDate "1990.??.??"]
[PlyCount "75"]

1.e4 c5 2.Nf3 e6 3.d4 cxd4 4.Nxd4 Nc6 5.Nb5 d6 6.Bf4 e5 7.Be3 a6 8.N5c3 
Nf6 9.Nd5 Nxd5 10.exd5 Nb8 11.c4 Be7 12.Nc3 O-O 13.Qd2 Nd7 14.Be2 f5 15.f3
Bh4+ 16.g3 Be7 17.O-O b6 18.b4 Kh8 19.Rab1 a5 20.a3 axb4 21.axb4 f4 22.Bf2
Nf6 23.Ra1 Bh3 24.Rfd1 fxg3 25.hxg3 Qc7 26.Rxa8 Rxa8 27.c5 bxc5 28.bxc5 
Bc8 29.c6 Bd8 30.Nb5 Qe7 31.Qb4 Ne8 32.Bd3 Ba6 33.Ra1 Bxb5 34.Rxa8 Bxd3 
35.Qb8 Qg5 36.Qxd8 Qc1+ 37.Kh2 Qh6+ 38.Kg2 1-0